Comparative study of construction risk management practice between indigenous and expatriate contractors in Nigeria (Record no. 115474)

MARC details
000 -LEADER
fixed length control field 01207cad a2200277 4500
001 - CONTROL NUMBER
control field L158718
008 - FIXED-LENGTH DATA ELEMENTS--GENERAL INFORMATION
fixed length control field 110215n2013 000 0 eng u
020 ## - INTERNATIONAL STANDARD BOOK NUMBER
International Standard Book Number 9781783210305
035 ## - SYSTEM CONTROL NUMBER
System control number (Sirsi) u158718
041 ## - LANGUAGE CODE
Language code of text/sound track or separate title eng
100 1# - MAIN ENTRY--PERSONAL NAME
Personal name Awolesi, J. A. B.
111 2# - MAIN ENTRY--MEETING NAME
Meeting name or jurisdiction name as entry element Construction and Building Research Conference
Location of meeting IIT Delhi, New Delhi
Date of meeting or treaty signing 10-12 September 2013
245 00 - TITLE STATEMENT
Title Comparative study of construction risk management practice between indigenous and expatriate contractors in Nigeria
Medium [electronic resource]
260 ## - PUBLICATION, DISTRIBUTION, ETC.
Place of publication, distribution, etc. London
Name of publisher, distributor, etc. RICS
Date of publication, distribution, etc. 2013
490 #0 - SERIES STATEMENT
Series statement COBRA
Volume/sequential designation 2013
520 ## - SUMMARY, ETC.
Summary, etc. A paper presented at the COBRA Conference in New Delhi on 10-12 September 2013. Compared risk management practice between Indigenous and Expatriate contracting firms in Nigeria resulting in recommendations for legislation to make risk management practice essential for all contracting firms.
650 24 - SUBJECT ADDED ENTRY--TOPICAL TERM
Topical term or geographic name entry element CONSTRUCTION AND BUILDING RESEARCH CONFERENCE (COBRA)
650 24 - SUBJECT ADDED ENTRY--TOPICAL TERM
Topical term or geographic name entry element RISK IDENTIFICATION
650 24 - SUBJECT ADDED ENTRY--TOPICAL TERM
Topical term or geographic name entry element RISK ANALYSIS
650 24 - SUBJECT ADDED ENTRY--TOPICAL TERM
Topical term or geographic name entry element RISK REDUCTION PROCEDURES
651 #4 - SUBJECT ADDED ENTRY--GEOGRAPHIC NAME
Geographic name Nigeria
690 ## - LOCAL SUBJECT ADDED ENTRY--TOPICAL TERM (OCLC, RLIN)
Topical term or geographic name as entry element Health and safety
9 (RLIN) 6244
690 ## - LOCAL SUBJECT ADDED ENTRY--TOPICAL TERM (OCLC, RLIN)
Topical term or geographic name as entry element Project management
9 (RLIN) 6261
700 1# - ADDED ENTRY--PERSONAL NAME
Personal name Fabi, J. K.
942 ## - ADDED ENTRY ELEMENTS (KOHA)
Suppress in OPAC 0
Holdings
Withdrawn status Lost status Source of classification or shelving scheme Damaged status Not for loan Home library Current library Shelving location Date acquired Total Checkouts Full call number Barcode Date last seen Copy number Price effective from Koha item type
    Dewey Decimal Classification     Virtual Virtual Online 01/07/2015   ONLINE PUBLICATION 158718-2001 06/08/2019 1 06/08/2019 Book